Perfil Curricular, Temas Transversales y Derechos Humanos /
Guardado en:
| Hovedforfatter: | |
|---|---|
| Format: | Bog |
| Sprog: | Spanish |
| Udgivet: |
San José, Costa Rica :
CSUCA,
1998
|
| Fag: | |
| Tags: |
Tilføj Tag
Ingen Tags, Vær først til at tagge denne postø!
|
MARC
| LEADER | 00000nam a2200000Ia 4500 | ||
|---|---|---|---|
| 008 | 170908b1998 cr ||||| |||| 00| | spa d | ||
| 999 | |c 939 |d 939 | ||
| 020 | |a 9977020191 | ||
| 090 | |a DOC #46 | ||
| 100 | 1 | |a Gurdián Fernández, Alicia |9 169 | |
| 245 | 1 | 0 | |a Perfil Curricular, Temas Transversales y Derechos Humanos / |c Alicia Gurdián Fernández |
| 260 | |a San José, Costa Rica : |b CSUCA, |c 1998 | ||
| 300 | |a 8 páginas | ||
| 500 | |a Parte de: Reconocer Todas Las Voces De La Historia: Derechos Humanos y Diversidad Cultural en la Educación / Ignacio Dobles Oropeza y Marta Eugenia Pardo Angulo | ||
| 650 | 1 | 4 | |a DERECHOS HUMANOS |9 588 |
| 650 | 1 | 4 | |a CULTURA |9 378 |
| 650 | 1 | 4 | |a EDUCACIÓN |9 1 |
| 942 | |i 0088 |h DOC #46 |2 z |c 05 | ||



